American Actors by Picture #4 - Statistics

General Stats
  • This quiz has been taken 66 times
  • The average score is 10 of 16
Answer Stats
Picture Answer % Correct
Will Smith
97%
Harrison Ford
91%
Nicolas Cage
88%
Timothée Chalamet
84%
Steve Carell
74%
John Wayne
69%
Woody Harrelson
69%
Kevin Hart
67%
James Franco
60%
Joe Pesci
59%
Paul Newman
55%
Don Cheadle
53%
Charlton Heston
48%
Val Kilmer
47%
Viggo Mortensen
45%
Gregory Peck
34%
No matching quizzes found
Score Distribution
Percent of People with Each Score
Percentile by Number Answered
Your Score History
You have not taken this quiz